Canaanites /

محفوظ في:

المؤلف الرئيسي: Tubb, Jonathan N. (مؤلف)

التنسيق: كتاب

اللغة: English

منشور في: Norman : University of Oklahoma Press, c1998.

سلاسل: Peoples of the past ; 2.

الموضوعات:

الوسوم: إضافة وسم

لا توجد وسوم, كن أول من يضع وسما على هذه التسجيلة!

رقم الطلب: DS121.4 .T83 1998

LEADER 00942namaa2200277 4500
001 25067
003 OSt
005 20211213082614.0
008 130303s1998 okuab g b 001 0 eng d
952 |0 0  |1 0  |2 lcc  |4 0  |6 DS01214 T83 01998  |7 1  |9 23777  |a ARCE  |b ARCE  |d 2021-12-13  |l 0  |o DS121.4 .T83 1998  |p 1022184  |r 2021-12-13 00:00:00  |w 2021-12-13  |y BK 
999 |c 21034  |d 21034 
010 |a 98008841  
020 |a 080613108X (alk. paper) 
040 |c ARCE Library 
043 |a aw----- 
050 4 |a DS121.4 .T83 1998 
100 1 |a Tubb, Jonathan N.,  |e author 
245 1 0 |a Canaanites /   |c Jonathan N. Tubb. 
264 1 |a Norman :   |b University of Oklahoma Press,   |c c1998. 
300 |a 160 pages :   |b illustrations (some color), maps ;   |c 25 cm. 
490 1 |a Peoples of the past ;   |v 2. 
504 |a Includes bibliographical references and index. 
650 0 |a Canaanites  |x History. 
830 0 |a Peoples of the past ;   |v 2. 
901 |a reviewed 
942 |c BK  |2 lcc